000 00855nam a2200121Ia 4500
008 220620s9999||||xx |||||||||||||| ||und||
100 _aSteels, Luc
245 4 _aThe Talking Heads experiment: Origins of words and meanings
546 _aEnglish[eng]
650 _ashared vocabulary||situated embodied agents||agent-based models||future of artificial intelligence||human-robotic interaction||language in robotics||language evolution||language games||Lexicon||Paris||Semiotics||Syntax
856 _uhttps://library.oapen.org/bitstream/20.500.12657/33193/1/559870.pdf||https://library.oapen.org/bitstream/20.500.12657/33193/1/559870.pdf||https://library.oapen.org/bitstream/20.500.12657/33193/1/559870.pdf||https://library.oapen.org/bitstream/20.500.12657/33193/1/559870.pdf||https://library.oapen.org/bitstream/20.500.12657/33193/1/559870.pdf
942 _cEB
999 _c26492
_d26492